| 000 | 00904nam a22002531u 4500 | ||
|---|---|---|---|
| 001 | 06280 | ||
| 003 | HDC | ||
| 007 | cr cn ---aaaaa | ||
| 008 | 210123p2006 my ||||| |||| 00| 0 eng | ||
| 040 | _aHDC | ||
| 245 | 0 |
_aSME Annual Report 2006. Section III: Key Programmes For Sme Development. Chapter 4: _bOverview of the National SME Development Blueprint |
|
| 260 |
_a[No place] : _b[publisher not identified] , _c2006 |
||
| 300 | _a13 pages | ||
| 336 |
_atext _2rdacontent |
||
| 337 |
_acomputer _2rdamedia |
||
| 338 |
_aonline resource _2rdacarrier |
||
| 500 | _aIncludes bibliographical references | ||
| 650 |
_ablueprint _96524 |
||
| 650 |
_aSME sector _96488 |
||
| 856 | _zRequest full-text at [email protected] | ||
| 942 | _2lcc | ||
| 942 | _cEIS | ||
| 942 | _kAREP 000204 | ||
| 999 |
_c3604 _d3604 |
||